| 000 | 00623cam a2200217 a 4500 | ||
|---|---|---|---|
| 001 | 000009840 | ||
| 005 | 20200929161728.0 | ||
| 008 | 930623s1973 ck 000 1 spa | ||
| 020 | _a9586020401 | ||
| 040 |
_aDO-SdBNP _bspa _cBNPHU |
||
| 082 |
_aCo863.3 _bD542m, 1973 |
||
| 100 | 1 |
_aDíaz Castro, Eugenio. _923437 |
|
| 245 | 1 | 0 |
_aManuela / _cEugenio Díaz Castro. |
| 250 | _a9a ed. | ||
| 260 |
_aMedellín : _bBedout, _c1973. |
||
| 300 |
_a456 p. ; _c18 cm. |
||
| 490 | 1 |
_aBolsilibros Bedout, _v17 |
|
| 650 | 4 |
_aNovela colombiana _91243 |
|
| 650 | 4 |
_aLiteratura colombiana _91244 |
|
| 830 | 0 |
_aBolsilibros Bedout, _v17 _93750 |
|
| 999 |
_c9599 _d9599 |
||